00844 2200313 4500001002100000005001500021007000300036008004100039020001800080035002000098040001600118041000800134082000800142084001400150090002100164100002900185245005000214250001800264264003600282300003700318336002100355337003000376338002300406650001000429850001000439990002700449990002700476990002700503INLIS00000000000456120260524084233ta260524 0  a979-8767-58-6 a0010-0122000193 aSBUPADbind0 aind a170 a170 ASA e a153.9 TAU u 2-10 aAs'ad SungguhePengarang1 aDua Puluh Lima Etika Profesi /cAs'ad Sungguh a.-ed.1, cet.2 aJakarta :bSinar Grafika,c2004 aviii,158 hal. :billus. ;c21 cm 2rdacontentaTeks 2rdamediaaTanpa Perantara 2rdacarrieravolume 4aetika aPUPAD a6851/Br/ARPUS/PDG/2007 a6858/Br/ARPUS/PDG/2007 a6893/Br/ARPUS/PDG/2007